000 00465nam a2200157 a 4500
001 000023648
005 20200930022353.0
008 101216s1996 nyu 000 0 eng d
020 _a0533115949
040 _aDO-SdBNP
_beng
_cBNPHU
082 _axxxx
_bS211b
100 1 _aSánchez Aristy, Ramón.
_d1922-
_948726
245 1 0 _aTe boy who wanted to be President /
_cRamón Sánchez Aristy.
260 _aNew York :
_bVantage Press,
_c1996.
300 _a70 p. ;
_c21 cm.
999 _c23144
_d23144